CRC Handbook of Chemistry and Physics : A Ready-Reference Book of Chemical and Physical Data /

Guardado en:
Detalles Bibliográficos
Otros Autores: Haynes, W.M (Compilador), Lide, David R. (Compilador), Bruno, Thomas J. (Compilador)
Formato: Libro
Lenguaje:inglés
Publicado: Boca Raton : CRC Press, 2015
Edición:96th ed.
Materias:
Etiquetas: Agregar Etiqueta
Sin Etiquetas, Sea el primero en etiquetar este registro!

MARC

LEADER 00000nam a22000003a 4500
001 0008607
005 20160401104922.6
008 101217s2008----xxu-----------------eng-d
020 |a 978-1-4822-6096-0 
040 |a STU  |b slo 
041 0 |a eng 
044 |a xxu 
080 |a 54+53(03) 
100 1 |a Haynes, W.M.  |4 com 
245 1 |a CRC Handbook of Chemistry and Physics :  |b A Ready-Reference Book of Chemical and Physical Data /  |c Zost.: Lide, D. 
250 |a 96th ed. 
260 |a Boca Raton :  |b CRC Press,  |c 2015 
300 |a preruš.str 
650 7 |a chémia  |2 stusub 
650 7 |a fyzika  |2 stusub 
650 7 |a encyklopédie  |2 stusub 
700 1 |a Lide, David R.  |4 com 
700 1 |a Bruno, Thomas J.  |r Z6  |4 com 
996 |b 284M086592  |c M* 13822-1  |l MMKN  |s A  |a 24  |w 0008607_0001